Daǫs ambientales transnacionales y acceso a la justicia

Bibliographic Details
Main Author: Garca̕ ℓlvarez, Laura
Format: eBook
Language:Spanish
Published: Madrid: Dykinson, 2016
Subjects:
Online Access:Acceso restringido

MARC

LEADER 00000nam a22000007a 4500
005 20170905005739.0
007 cr|||| ||||
008 170905s2016 es |||||s|||| 00||0 spa d
020 |a 978-84-9085-865-3 
035 |a 20521 
040 |a vLex 
090 |c 6920  |d 6920 
100 1 |a Garca̕ ℓlvarez, Laura 
245 1 0 |a Daǫs ambientales transnacionales y acceso a la justicia  |h [Recurso electrn̤ico] /  |c Laura Garca̕ ℓlvarez 
256 |a Servicio en ln̕ea 
260 |a Madrid:  |b Dykinson,  |c 2016 
300 |a 1 recurso electrn̤ico 
506 1 |a Disponible solo en los productos indicados  |d vLex Global  |d vLex Global (Academic Edition, excluding Law Schools)  |d vLex Global (U.S. Academic Edition, Law Schools)  |d vLex Global (U.S. Academic Edition, excluding Law Schools)  |d vLex Global (Academic Edition, Law Schools) 
650 0 4 |a Derecho del Medio Ambiente  |z Espaą 
740 0 |a vLex Libros (Servicio en ln̕ea) 
856 4 0 |u http://vlex.com/source/da-os-ambientales-transnacionales-acceso-justicia-20521  |z Acceso restringido 
942 |c BOOK 
999 0 |a Environmental Law